|
|
|
|
| LEADER |
00926cam a2200253 7i4500 |
| 001 |
0000036394 |
| 005 |
20200629090000.0 |
| 007 |
##ta |
| 008 |
200629s2018 fr o 000 0 eng d |
| 020 |
# |
# |
|a 9789264282513
|
| 040 |
# |
# |
|a MATR
|
| 090 |
0 |
0 |
|a VIET 330.9415
|b OEC
|
| 245 |
0 |
0 |
|a OECD Investment Policy Reviews :
|b Vietnam 2018.
|
| 264 |
# |
1 |
|a Paris:
|b Organisation for Economic Co-operation and Development,
|c 2018.
|
| 300 |
# |
# |
|a 409 pages:
|b illustrations;
|c 30 cm.
|
| 336 |
# |
# |
|a text
|2 rdacontent
|
| 337 |
# |
# |
|a unmediated
|2 rdamedia
|
| 338 |
# |
# |
|a volume
|2 rdacarrier
|
| 650 |
# |
0 |
|a Investments, Foreign --
|z Vietnam
|
| 650 |
# |
0 |
|a Investments --
|z Vietnam
|
| 650 |
# |
0 |
|a Investments, Foreign --
|x Government policy --
|z Vietnam
|
| 650 |
# |
0 |
|a Investments --
|x Government policy --
|z Vietnam
|
| 999 |
|
|
|a 000040510
|b Book
|c Countries
|e Business Information Centre
|
| 999 |
|
|
|a 0000040510
|b Book
|c Countries
|e Business Information Centre
|